000 00313nam a22001337a 4500
008 181126b xxu||||| |||| 00| 0 eng d
020 _a9780495555094
041 _aeng
080 _25 TH
_a510
100 _a38
101 _aMAT
245 _aFundamntals Of Algebraic Modeling
_cJohnson.M
942 _2udc
_cBK
999 _c52486
_d52486